[Event "Figueira da Foz op 5th"]
[Site "Figueira da Foz"]
[Date "2008.12.03"]
[Round "5"]
[White "Chemeris, Roman M"]
[Black "Pinto, Pedro Miguel Alves"]
[Result "1-0"]
[WhiteElo "2265"]
[BlackElo "1906"]
[PlyCount "63"]
[EventDate "2008.11.30"]
[EventType "swiss"]
[EventRounds "9"]
[EventCountry "POR"]
[SourceTitle "CBM 127 Extra"]
[Source "ChessBase"]
[SourceDate "2009.01.08"]
[SourceVersion "2"]
[SourceVersionDate "2009.01.28"]
[SourceQuality "1"]

1. e4 e5 2. Nf3 Nc6 3. Bc4 Bc5 4. c3 Nf6 5. d3 d6 6. Bb3 h6 7. Nbd2 a6 8. h3 d5 9. Qe2 dxe4 10. dxe4 Qe7 11. Nf1 Nh5 12. g3 Be6 13. Be3 0-0-0 14. Nh4 Bxe3 15. Nxe3 Nf6 16. Nhf5 Qf8 17. Qf3 Ne7 18. Rd1 Bxb3 19. axb3 Rxd1+ 20. Kxd1 Qd8+ 21. Kc2 Nxf5 22. Nxf5 Ne8 23. Rd1 Qf6 24. Qd3 g6 25. Qd7+ Kb8 26. Qd8+ Ka7 27. Ne7 b6 28. b4 Qxf2+ 29. Rd2 Qf6 30. b5 axb5 31. Rd1 Qf2+ 32. Kb3 1-0

[Event "Burgas op 17th"]
[Site "Ourense"]
[Date "2008.07.09"]
[Round "7"]
[White "Villalta Bustillo, Igor"]
[Black "Chemeris, Roman M"]
[Result "1/2-1/2"]
[WhiteElo "2146"]
[BlackElo "2303"]
[PlyCount "30"]
[EventDate "2008.07.03"]
[EventType "swiss"]
[EventRounds "9"]
[EventCountry "ESP"]
[SourceTitle "CBM 125 Extra"]
[Source "ChessBase"]
[SourceDate "2008.09.01"]
[SourceVersion "1"]
[SourceVersionDate "2008.09.01"]
[SourceQuality "1"]

1. d4 Nf6 2. Nf3 d5 3. e3 e6 4. Nbd2 c5 5. c3 Nc6 6. Bd3 Bd6 7. 0-0 0-0 8. Qe2 e5 9. dxc5 Bxc5 10. e4 h6 11. exd5 Nxd5 12. Ne4 Be7 13. Rd1 Qc7 14. Ng3 Nf6 15. b4 a6 1/2-1/2

[Event "Burgas op 17th"]
[Site "Ourense"]
[Date "2008.07.04"]
[Round "2"]
[White "Chemeris, Roman M"]
[Black "Lopez Garrido, Daniel"]
[Result "1-0"]
[WhiteElo "2303"]
[BlackElo "1953"]
[PlyCount "51"]
[EventDate "2008.07.03"]
[EventType "swiss"]
[EventRounds "9"]
[EventCountry "ESP"]
[SourceTitle "CBM 125 Extra"]
[Source "ChessBase"]
[SourceDate "2008.09.01"]
[SourceVersion "1"]
[SourceVersionDate "2008.09.01"]
[SourceQuality "1"]

1. e4 e6 2. d4 a6 3. Nf3 b5 4. a4 b4 5. Bd3 Bb7 6. 0-0 Nf6 7. Qe2 c5 8. Bg5 h6 9. Bh4 Be7 10. dxc5 g5 11. Bg3 Bxc5 12. c4 Nh5 13. Nbd2 f6 14. Nb3 Be7 15. Nfd4 Nf4 16. Bxf4 gxf4 17. Rad1 Kf8 18. Bc2 Qe8 19. Na5 Bc6 20. Qf3 e5 21. Nf5 Qg6 22. Nxc6 Nxc6 23. Rxd7 Bc5 24. Rfd1 Nd4 25. Nxd4 Bxd4 26. R1xd4 1-0

[Event "St Joao da Madeira Masters"]
[Site "St Joao da Madeira"]
[Date "2001.10.05"]
[Round "1.4"]
[White "Araujo, Jose Verissimo"]
[Black "Chemeris, Roman M"]
[Result "0-1"]
[WhiteElo "2097"]
[BlackElo "2174"]
[PlyCount "66"]
[EventDate "2001.10.05"]
[EventType "tourn"]
[EventRounds "9"]
[EventCountry "POR"]
[SourceTitle "CBM 085 Extra"]
[Source "ChessBase"]
[SourceDate "2002.01.21"]
[SourceVersion "1"]
[SourceVersionDate "2002.01.21"]
[SourceQuality "1"]

1. e4 e5 2. Nf3 Nc6 3. Bc4 Nf6 4. Nc3 Nxe4 5. Nxe4 d5 6. Bd3 dxe4 7. Bxe4 Bd6 8. d3 0-0 9. Ng5 h6 10. Qh5 Nd4 11. Kd1 Qe8 12. Nf3 Nxf3 13. Qxf3 Qb5 14. Bxh6 gxh6 15. Qg3+ Kh8 16. Qh4 Kg7 17. Qg3+ Kf6 18. Qh4+ Ke6 19. Qxh6+ Ke7 20. Qg5+ f6 21. Qc1 Be6 22. a3 Rad8 23. b4 f5 24. Qg5+ Rf6 25. Bf3 e4 26. Bxe4 Qe5 27. Qg7+ Bf7 28. Rb1 fxe4 29. Re1 Rg8 30. Qh7 Qh5+ 31. Qxh5 Bxh5+ 32. f3 Rxg2 33. Rxe4+ Kd7 0-1